| 000 | 00620nam a2200241Ia 4500 | ||
|---|---|---|---|
| 001 | 35370 | ||
| 005 | 20240114001812.0 | ||
| 007 | ta | ||
| 008 | 070319s1952 a g b000 u 465 u | ||
| 040 | _aCotton College Assam | ||
| 041 | _a465 | ||
| 082 |
_a928.3 _bB 978 S |
||
| 100 | _aCole, G.D.H . | ||
| 245 | 0 |
_aSamuel Butler / _cG.D.H.Cole. _hTextual Documents |
|
| 250 | _a1st ed. / | ||
| 260 |
_aLondon : _bLongmans, Green & Co. , _c1952. |
||
| 300 |
_a51p. : _bill ; _c22cm . |
||
| 653 | _aBiography-Novelists | ||
| 653 | _aG-Biography | ||
| 942 |
_2ddc _cBK |
||
| 999 |
_c35352 _d35352 |
||